| 000 | 004020000a22001450004500 | ||
|---|---|---|---|
| 060 | _a100 | ||
| 082 | _a581.012 VAS | ||
| 100 | _aVasudevan, Nair R | ||
| 245 | _aSasyavargeekaranatatwangal | ||
| 260 | _aTrivandrum, State institute of languages | ||
| 260 | _c1971 | ||
| 300 | _a294 | ||
| 650 | _aMalayalam books- Plant taxonomy principles/ Plant taxonomy principles- Malayalam books | ||
| 942 | _cBK | ||
| 999 |
_c359552 _d359552 |
||